[Event "ESP-ch Universities"]
[Site "Alicante"]
[Date "2011.05.10"]
[Round "6"]
[White "Espinosa Aranda, Angel"]
[Black "Vallejo Diaz, Jesus"]
[Result "1/2-1/2"]
[WhiteElo "2399"]
[BlackElo "2258"]
[PlyCount "52"]
[EventDate "2011.05.09"]
[EventType "team-swiss"]
[EventRounds "9"]
[EventCountry "ESP"]
[SourceTitle "CBM 142 Extra"]
[Source "ChessBase"]
[SourceDate "2011.06.27"]
[SourceVersion "1"]
[SourceVersionDate "2011.06.27"]
[SourceQuality "1"]

1. e4 c5 2. Nf3 e6 3. d4 cxd4 4. Nxd4 a6 5. Nc3 Qc7 6. Be2 b5 7. Bf3 Bb7 8. 0-0 Nc6 9. Nxc6 Bxc6 10. Re1 Bd6 11. h3 Ne7 12. Bg5 Ng6 13. Nd5 Bxd5 14. exd5 Rc8 15. a4 0-0 16. axb5 axb5 17. dxe6 dxe6 18. Ra6 Bf4 19. Rc6 Qb8 20. Bxf4 Qxf4 21. Re4 Qg5 22. Rd6 Nh4 23. Bg4 h5 24. g3 Nf5 25. Bxf5 Qxf5 26. Qe2 Qc5 1/2-1/2

[Event "ESP-ch Universities"]
[Site "Alicante"]
[Date "2011.05.10"]
[Round "7"]
[White "Vallejo Diaz, Jesus"]
[Black "Camacho Collados, Marcos"]
[Result "0-1"]
[WhiteElo "2258"]
[BlackElo "2376"]
[PlyCount "144"]
[EventDate "2011.05.09"]
[EventType "team-swiss"]
[EventRounds "9"]
[EventCountry "ESP"]
[SourceTitle "CBM 142 Extra"]
[Source "ChessBase"]
[SourceDate "2011.06.27"]
[SourceVersion "1"]
[SourceVersionDate "2011.06.27"]
[SourceQuality "1"]

1. e4 d6 2. d4 Nf6 3. Nc3 e5 4. Nf3 Nbd7 5. Bc4 Be7 6. 0-0 0-0 7. Re1 c6 8. a4 b6 9. b3 Bb7 10. Bb2 Qc7 11. d5 cxd5 12. Bxd5 Nxd5 13. exd5 f5 14. Nb5 Qd8 15. c4 a6 16. Nc3 a5 17. Nb5 Nc5 18. Qc2 Bc8 19. Ba3 f4 20. Bxc5 bxc5 21. Nd2 Bf5 22. Qd1 Rf6 23. f3 Rh6 24. Nf1 Qd7 25. Qd2 Kh8 26. Nc3 Bh4 27. Re2 Rf8 28. Ne4 Bd8 29. Nf2 Qb7 30. Qc3 Qd7 31. Nd2 Qe7 32. Nde4 Qh4 33. h3 Rg6 34. Kf1 h5 35. Raa2 Qe7 36. Qe1 Qc7 37. Rab2 Rh6 38. Qc3 g5 39. Ke1 Qg7 40. Kd2 g4 41. hxg4 hxg4 42. fxg4 Bxg4 43. Nxg4 Qxg4 44. Qf3 Rg8 45. Rb1 Be7 46. Qxg4 Rxg4 47. Rg1 Kg7 48. Kd3 Rh3+ 49. Kc2 Rh2 50. Nd2 Kf6 51. Nf3 Rh8 52. Rf1 Rhg8 53. Rff2 Kf5 54. Kd3 Rg3 55. Kc2 e4 56. Nd2 e3 57. Rf3 Bf6 58. Rexe3 Rxf3 59. Rxf3 Rxg2 60. Kd3 Kg4 61. Rf1 Rg3+ 62. Kc2 f3 63. Ne4 Rg2+ 64. Kd3 Be5 65. Nd2 f2 66. Ke2 Bd4 67. Ne4 Rh2 68. Nxd6 Rh3 69. Nb5 Re3+ 70. Kd2 Kf3 71. d6 Re2+ 72. Kd3 Bf6 0-1

[Event "Madrid-chT Honor"]
[Site "Madrid"]
[Date "2009.12.13"]
[Round "3"]
[White "Navarro Nicolas, Victor Manuel"]
[Black "Vallejo Diaz, Jesus"]
[Result "1/2-1/2"]
[WhiteElo "2228"]
[BlackElo "2277"]
[PlyCount "49"]
[EventDate "2009.11.22"]
[EventType "team-tourn"]
[EventRounds "13"]
[EventCountry "ESP"]
[SourceTitle "EXT 2011"]
[Source "ChessBase"]
[SourceDate "2010.11.26"]
[SourceVersion "1"]
[SourceVersionDate "2010.11.26"]
[SourceQuality "1"]

1. d4 Nf6 2. c4 g6 3. Nc3 Bg7 4. e4 d6 5. Be2 0-0 6. Bg5 Nbd7 7. Qd2 e5 8. d5 a5 9. f3 h6 10. Be3 Nc5 11. g4 Ne8 12. h4 Kh7 13. h5 g5 14. Nh3 Bf6 15. Nf2 Bd7 16. 0-0 Ng7 17. b3 Be7 18. Rfb1 Qe8 19. Nb5 Bd8 20. Nd3 b6 21. Nxc5 dxc5 22. a3 Bxb5 23. cxb5 Be7 24. Qb2 Bd6 25. Bd2 1/2-1/2

[Event "Boadilla del Monte qual"]
[Site "Boadilla del Monte"]
[Date "2007.05.06"]
[Round "3.5"]
[White "Garcia Cuenca, Victor Manuel"]
[Black "Vallejo Diaz, Jesus"]
[Result "0-1"]
[WhiteElo "2283"]
[BlackElo "2289"]
[PlyCount "220"]
[EventDate "2007.05.06"]
[EventType "k.o. (rapid)"]
[EventRounds "3"]
[EventCountry "ESP"]
[SourceTitle "EXT 2009"]
[Source "ChessBase"]
[SourceDate "2008.11.26"]
[SourceVersion "1"]
[SourceVersionDate "2008.11.26"]
[SourceQuality "1"]

1. d4 Nf6 2. c4 g6 3. Nf3 d6 4. g3 Nbd7 5. Bg2 Bg7 6. 0-0 0-0 7. Nc3 e5 8. e4 c6 9. h3 Re8 10. Re1 Qe7 11. Be3 exd4 12. Nxd4 Nc5 13. b4 Ne6 14. Rc1 Nd7 15. f4 a5 16. b5 Nxd4 17. Bxd4 Nc5 18. Bxg7 Kxg7 19. e5 Bd7 20. exd6 Qf6 21. Qd2 Rad8 22. Kh2 h5 23. h4 Rxe1 24. Rxe1 Bg4 25. bxc6 bxc6 26. Bxc6 Qxd6 27. Qxd6 Rxd6 28. Bd5 Be6 29. Rb1 Bxd5 30. cxd5 Nd7 31. Rb5 Ra6 32. Ne4 Nf6 33. Nxf6 Kxf6 34. Kg2 a4 35. Kf3 a3 36. Rb3 Ra4 37. Rd3 Ke7 38. d6+ Kd7 39. Ke3 Ra6 40. Kd2 Rb6 41. Rxa3 Rb2+ 42. Kc3 Rg2 43. Kd4 Kxd6 44. Ke4 Ke7 45. Ra7+ Kf6 46. Kf3 Rb2 47. a4 Rb4 48. a5 Ra4 49. a6 Kg7 50. Ra8 Kh7 51. Ke3 Kg7 52. Kd3 Ra3+ 53. Kc4 Rxg3 54. a7 Ra3 55. Kb5 Ra1 56. Kb6 Rb1+ 57. Kc5 Rc1+ 58. Kb4 Rb1+ 59. Kc3 Ra1 60. f5 gxf5 61. Kd4 Ra4+ 62. Ke5 f4 63. Rb8 Rxa7 64. Kxf4 Ra5 65. Rb6 f6 66. Rc6 Kg6 67. Rb6 Ra4+ 68. Kg3 Rg4+ 69. Kh3 Ra4 70. Kg3 Ra3+ 71. Kg2 Re3 72. Rb5 Re5 73. Rb6 Kf5 74. Kf3 Ra5 75. Rb4 Ra3+ 76. Kg2 Re3 77. Kh2 Re4 78. Rb6 Rxh4+ 79. Kg3 Re4 80. Rb8 Re3+ 81. Kf2 Re5 82. Kf3 Ra5 83. Rh8 Ra3+ 84. Kg2 Kg5 85. Rg8+ Kf4 86. Rh8 Ra2+ 87. Kh3 Ra5 88. Rh6 Kg5 89. Rh8 Ra3+ 90. Kg2 f5 91. Rg8+ Kf4 92. Rh8 Ra2+ 93. Kg1 Kg4 94. Rg8+ Kf3 95. Rh8 Kg4 96. Rg8+ Kh3 97. Rf8 Ra5 98. Rg8 h4 99. Rg7 Ra4 100. Rf7 Rf4 101. Rf8 Kg3 102. Rg8+ Rg4 103. Rf8 f4 104. Ra8 Rg7 105. Rb8 h3 106. Kh1 f3 107. Rh8 Rg4 108. Rxh3+ Kf4 109. Rh8 f2 110. Rf8+ Kg3 0-1